Prezydenci Polski - Statystyki

Ogólne statystyki
  • Ten quiz został rozwiązany 19 razy
  • Średni wynik to 5 z 9
Statystyki odpowiedzi
Hint Odpowiedź % Poprawnych
1922 Gabriel Narutowicz
100%
1926-1939 Ignacy Mościcki
80%
1922-1926 Stanisław Wojciechowski
80%
1989-1990 Ryszard Kaczorowski
60%
1939-1947 Władysław Raczkiewicz
50%
1947-1972 August Zaleski
30%
1986-1989 Kazimierz Sabbat
30%
1979-1986 Edward Raczyński
20%
1972-1979 Stanisław Ostrowski
20%
Nie znaleziono quizów pasujących do podanych kryteriów
Rozkład punktacji
Procent ludzi z każdym wynikiem
Percentyl według liczby udzielonych odpowiedzi
Twoja historia wyników
Nie rozwiązałeś tego quizu